000 01574cam a2200229 4500
001 L136960
008 070306s2007 xxk f 000 0 eng d
035 _a(Sirsi) u136960
041 _aeng
050 0 4 _a338.4569 $2 18
110 2 _aConstruction Skills Network
_95136
245 0 0 _aBlueprint for UK construction skills 2007-2011
260 _a[S.l.]
_bCITB-ConstructionSkills
_c2007
520 _aPredicts that construction output will grow in all UK regions and sectors between 2007 and 2011, with infrastructure and public housing enjoying the highest increases. Government spending on education and its building Schools for the Future programme is forecast to be the single largest boost to construction employment outside London. However, the highest levels of demand will be in the southern regions with the concentration of Olympics and related projects. It is estimated that over 2.8m people will be employed in construction in the UK by 2011, up from 2.41m in 2005, and 87 600 recruits will be needed each year between 2007 and 2011. Provides forecasts for employment prospects and trends in the construction market across the UK regions.
590 _aKA NTK
650 2 4 _aDFES BUILDING SCHOOLS FOR THE FUTURE
650 2 4 _aOLYMPIC GAMES 2012
651 4 _aUnited Kingdom
_y
690 _aBUILT ENVIRONMENT-CONSTRUCTION MARKET
856 4 0 _uhttps://www.constructionskills.net/research/constructionskillsnetwork/forecastmodel/constructionskillsnetworkoutputs/uk/index.asp
_zView the report free of charge at www.constructionskills.net...
942 _n0
999 _c106561
_d106561